000 00277nam a2200121Ia 4500
008 190216s9999||||xx |||||||||||||| ||und||
100 _aAkbar Kakkattil
245 0 _aAaram Kalam
260 _bPoorna Pubs Kozhikode
_c1999
300 _a143p
650 _aKathakal
942 _cBK
999 _c27641
_d27641